Estatutos (Record no. 176603)
[ view plain ]
| 000 -LEADER | |
|---|---|
| campo de control de longitud fija | 00809nam a22001695i 4500 |
| 001 - NÚMERO DE CONTROL | |
| campo de control | 176603 |
| 003 - IDENTIFICADOR DE NÚMERO DE CONTROL | |
| campo de control | ES-MaACL |
| 005 - FECHA Y HORA DE LA ÚLTIMA TRANSACCIÓN | |
| campo de control | 20230906220132.0 |
| 008 - DATOS DE LONGITUD FIJA--INFORMACIÓN GENERAL | |
| campo de control de longitud fija | 110125s1928 sp |||| | spa d |
| 080 ## - NÚMERO DE LA CLASIFICACIÓN DECIMAL UNIVERSAL | |
| Número de la Clasificación Decimal Universal | 37-055.2:061.2(460) |
| 110 2# - ENTRADA PRINCIPAL--NOMBRE DE ENTIDAD CORPORATIVA | |
| Nombre de entidad corporativa o nombre de jurisdicción como elemento de entrada | Asociación para la Enseñanza de la Mujer. |
| 9 (RLIN) | 144868 |
| 245 10 - MENCIÓN DEL TÍTULO | |
| Título | Estatutos |
| Resto del título | : con arreglo a la escritura pública otorgada en 17 de junio de 1889, ante el Notario del Colegio de Madrid D. José García Lastra, y los acuerdos de las Juntas Generales extraordinarias celebradas en 4 de Julio de 1889 y 30 de Diciembre de 1927 / |
| Mención de responsabilidad, etc. | Asociación para la Enseñanza de la Mujer. |
| 260 ## - PUBLICACIÓN, DISTRIBUCIÓN, ETC. | |
| Lugar de publicación, distribución, etc. | [Madrid : |
| Nombre del editor, distribuidor, etc. | s. n., |
| Fecha de publicación, distribución, etc. | 1928?] ( |
| Lugar de fabricación/manufactura | Madrid : |
| Fabricante | Imprenta Universal) |
| 300 ## - DESCRIPCIÓN FÍSICA | |
| Extensión | 18 p. ; |
| Dimensiones | 13 cm. |
| 650 #4 - PUNTO DE ACCESO ADICIONAL DE MATERIA--TÉRMINO DE MATERIA | |
| Término de materia o nombre geográfico como elemento de entrada | Mujeres- |
| Subdivisión general | Educación- |
| Subdivisión geográfica | España. |
| 9 (RLIN) | 144886 |
| 852 ## - LOCALIZACIÓN | |
| Ubicación | ES-MaACL |
| Número de control de estantería | 2270-F-1 |
| Estatus retirado | Estado de pérdida | Estado de daño | No para préstamo | Colección | Biblioteca de origen | Biblioteca actual | Ubicación en estantería | Fecha de adquisición | Fuente de adquisición | Total de préstamos | Signatura topográfica completa | Código de barras | Visto por última vez | Precio de reemplazo | Tipo de ítem Koha |
|---|---|---|---|---|---|---|---|---|---|---|---|---|---|---|---|
| Colección de folletos | Biblioteca del Ateneo de Madrid | Biblioteca del Ateneo de Madrid | Depósito folletos | 25/01/2011 | 2270-F-1 | 1185464 | 23/02/2023 | 23/02/2023 | Folleto |
